Collide (Record no. 240769)
[ view plain ]
| 000 -LEADER | |
|---|---|
| fixed length control field | 02547nam a22002177a 4500 |
| 003 - CONTROL NUMBER IDENTIFIER | |
| control field | St Aloysius Coll |
| 005 - DATE AND TIME OF LATEST TRANSACTION | |
| control field | 20260122163918.0 |
| 008 - FIXED-LENGTH DATA ELEMENTS--GENERAL INFORMATION | |
| fixed length control field | 260116b |||||||| |||| 00| 0 eng d |
| 020 ## - INTERNATIONAL STANDARD BOOK NUMBER | |
| International Standard Book Number | 9781526677525 |
| 040 ## - CATALOGING SOURCE | |
| Transcribing agency | AL |
| 041 ## - LANGUAGE CODE | |
| Language code of text/sound track or separate title | Englsh |
| 082 ## - DEWEY DECIMAL CLASSIFICATION NUMBER | |
| Classification number | 813.6 |
| Item number | KHAC |
| 100 ## - MAIN ENTRY--PERSONAL NAME | |
| Personal name | Bal Khabra |
| 9 (RLIN) | 251551 |
| 245 ## - TITLE STATEMENT | |
| Title | Collide |
| 260 ## - PUBLICATION, DISTRIBUTION, ETC. | |
| Place of publication, distribution, etc. | Bloomsbury Publishing |
| Name of publisher, distributor, etc. | London |
| Date of publication, distribution, etc. | 2024 |
| 300 ## - PHYSICAL DESCRIPTION | |
| Extent | 405p. |
| Other physical details | PB |
| Dimensions | 19.8x12.8cm |
| 365 ## - TRADE PRICE | |
| Source of price type code | General |
| Price type code | 5468 |
| Price amount | ₹399.00 |
| Currency code | ₹ |
| Unit of pricing | ₹499.00 |
| Price note | 20% |
| Price effective from | 10/01/2026 |
| 520 ## - SUMMARY, ETC. | |
| Summary, etc. | Collide is the first book in the Off the Ice series The second novel, Spiral, is out now and the third, Revolve, will be out in October. You can pre-order Revolve now. 'Equal parts spicy and sweet' Peyton Corinne, author of Unsteady When Summer Preston's professor issues her with an ultimatum, she finds herself on an unexpected collision course with hockey captain Aiden Crawford. Summer hates everything about hockey, for good reason, but she isn't going to let that stand in the way of her becoming a sports psychologist. Aiden loves being the hockey captain, except when his team's reckless mistakes risk jeopardising their entire season. When Coach puts him forward for a research paper as punishment, he has no choice but to accept. Summer can't stand his blase approach to life, and Aiden doesn't understand her uptight, scheduled one. They are off to a rocky start, and provoking each other - it turns out - is what they do best. As sparks fly, neither wants to be the one to give in. Can they get everything they want - including each other? Now with a never-before-seen bonus scene from Summer and Aiden's love story as well as an extract from Spiral, the next book in the Off the Ice series. Find out which of your favourite characters from Collide will be featured next! If you love... Ice hockey College setting Reverse grumpy meets sunshine Forced proximity No third act breakup Multi-racial characters He falls first Dual POV ... you're going to love Collide Readers are falling for Summer and Aiden... 'The spice levels won't disappoint' 'Someone please point me in the direction of where I can get my own Aiden Crawford' 'If you loved The Deal and Icebreaker, you'll love this!!! I could not put this book down!' 'Bal Khabra is quickly becoming one of my favourite sports romance authors!' 'Bal Khabra never disappoints. I will read anything she will write. PERIOD.' Spiral ranked No. 6 in the Sunday Times bestseller chart week ending 01/02/2025. |
| 650 ## - SUBJECT ADDED ENTRY--TOPICAL TERM | |
| Source of heading or term | Fiction |
| Topical term or geographic name entry element | English Fiction |
| 9 (RLIN) | 251552 |
| 942 ## - ADDED ENTRY ELEMENTS (KOHA) | |
| Source of classification or shelving scheme | Dewey Decimal Classification |
| Koha item type | Book |
| Withdrawn status | Lost status | Source of classification or shelving scheme | Damaged status | Not for loan | Collection code | Home library | Current library | Date acquired | Source of acquisition | Cost, normal purchase price | Total Checkouts | Total Renewals | Full call number | Barcode | Date last seen | Date last checked out | Cost, replacement price | Price effective from | Koha item type |
|---|---|---|---|---|---|---|---|---|---|---|---|---|---|---|---|---|---|---|---|
| Dewey Decimal Classification | MA English | St Aloysius PG Library | St Aloysius PG Library | 01/14/2026 | Biblios Book Point | 399.00 | 3 | 2 | 813.6 KHAC | PG025152 | 03/21/2026 | 03/11/2026 | 499.00 | Book |